000 00973nam a2200301 a 4500
001 000012709
003 DO-SdBPM
005 20260216090403.0
007 ta
008 091116s1990 dr 000 j spa d
040 _aDO-SdBPM
_bspa
_cBPMSU
_erda
_drda
082 4 _aRD863.44
_bP947h 1990
_222
100 1 _aPrida Busto, Juan Manuel,
_d1956-
_eautor
_4aut.
245 1 0 _aHuellas en la niebla /
_cJuan Manuel Prida Busto.
264 _aSanto Domingo :
_bEditora Taller,
_c1990.
300 _a145 páginas ;
_c18 cm.
336 _2rdacontent
_atexto
_btxt
337 _2rdamedia
_asin mediación
_bn
338 _2rdacarrier
_avolumen
_bnc
500 _aIncluye datos biográficos del autor en la contracubierta
590 _aInventariado, 2026/VM
650 7 _aCuentos dominicanos
650 7 _aLiteratura dominicana.
650 z _aShort stories, Dominican
650 z _aDominican literature
910 _aVMateo V. Control de calidad BPMSU
942 _2ddc
_cBK
999 _c15695
_d15695